000 00608nam a2200181Ia 4500
008 090123s9999 xx 000 0 und d
082 _b8950
100 _aकाळे शैलजा भालचंद्र
245 _aविस्तारलेले आकाश
250 _a1
260 _c1981
300 _a143
600 _aकाळे शैलजा भालचंद्र
630 _aविस्तारलेले आकाश
700 _aकाळे शैलजा भालचंद्र
730 _aविस्तारलेले आकाश
942 _cBOOK
999 _c47015
_d47015